| 000 | 02034nam2a22003011 4500 | ||
|---|---|---|---|
| 001 | v19\rc\1550039 | ||
| 005 | 20250618194531.0 | ||
| 035 | _a(NLR Aleph) 004683549 | ||
| 090 |
_a3840045 _c3840045 |
||
| 100 | _a20060620d1899 |||y0rusy50 ca | ||
| 101 | 0 | _arus | |
| 102 | _aRU | ||
| 105 | _ay j |||h| | ||
| 200 | 1 | _aза 1898-99 учебный год и речь, произнесенная на годичном акте преподавателем русского яз. Осмоловским: Главнейшие моменты в развитии художественного творчества А.С. Пушкина | |
| 210 |
_d1899 _aБ. м. |
||
| 215 | _a50 с. | ||
| 461 | 0 |
_1001v19\rc\1550027 _12001#$aОтчет о состоянии Рижского реального училища императора Петра 1-го$vза 1898-99 учебный год _93839893 _aРижское реальное училище императора Петра 1-го _cРига _d1889-1903 _tОтчет о состоянии Рижского реального училища императора Петра 1-го _vза 1898-99 учебный год |
|
| 517 | 0 | _aРечь, произнесенная на годичном акте преподавателем русского яз. Осмоловским: Главнейшие моменты в развитии художественного творчества А.С. Пушкина | |
| 604 |
_150010$aГлавнейшие моменты в развитии художественного творчества А.С. Пушкина _1700#1$aОсмоловский _tГлавнейшие моменты в развитии художественного творчества А.С. Пушкина _aОсмоловский |
||
| 801 | 0 |
_aRU _bNLR _gpsbo |
|
| 801 | 0 |
_aRU _bRuMoRGB _2psbo |
|
| 801 | 1 |
_aRU _bProSoft-M _2rusmarc |
|
| 852 |
_aNLR _j19.130.4.75 |
||
| 899 |
_aRuMoRGB _jF 69/191 |
||
| 899 |
_aRuMoRGB _jF 123/337 |
||
| 899 | _aБАН | ||
| 942 | _cBOOK | ||
| 980 | _aNB | ||